Manual práctico de traducción médica

Enregistré dans:
Détails bibliographiques
Auteur principal: Van Hoof, Henri (Auteur)
Format: Livre
Langue:espagnol
anglais
français
Publié: Granada Comares 1999
Édition:1a. ed
Collection:Interlingua, 10
Sujets:
Tags: Ajouter un tag
Pas de tags, Soyez le premier à ajouter un tag!

MARC

LEADER 00000cam a2200000 a 4500
001 UCN3561
003 CL-VaPUC
008 010629e19990000SP |||||||||||||||||spa|d
020 |a 8481519766 
041 0 7 |a spa  |2 CL-VaPUC 
041 0 7 |a eng  |2 CL-VaPUC 
041 0 7 |a fre  |2 CL-VaPUC 
082 0 4 |a 418.02612  |b VAN  |2 21 
100 0 |a Van Hoof, Henri  |e author  |9 460138 
245 1 0 |a Manual práctico de traducción médica 
246 1 0 |a Diccionario básico de términos médicos: inglés-francés-español 
250 |a 1a. ed 
300 |a 405 p 
942 |c BK 
945 |d 20010629 00:00:00  |a cmena 
260 |a Granada  |b Comares  |c 1999 
650 7 |a TERMINOLOGIA MEDICA - TRADUCCIONES  |2 CL-VaPUC  |9 460139 
650 7 |a MEDICINA - DICCIONARIOS  |2 CL-VaPUC  |9 460140 
583 |a last modification  |c 20170313 12:46:16  |k Rodrigo Vera 
490 0 |a Interlingua, 10 
999 |c 296406  |d 296404 
952 |0 0  |1 0  |4 0  |6 418_026120000000000_VAN_1999  |7 0  |8 A  |9 350158  |a BIBEDU  |b BIBEDU  |d 2019-11-20  |i 3701700  |o 418.02612 VAN 1999  |p 3701700  |r 2023-01-13  |w 2019-11-20  |y BK  |k CIT 
952 |0 0  |1 0  |3 erd  |4 0  |6 418_026120000000000_VAN_1999  |7 0  |8 A  |9 350159  |a BIBEDU  |b BIBEDU  |i 5365864  |o 418.02612 VAN 1999  |p 5365864  |r 2019-11-20  |w 2019-11-20  |y BK  |z Catalogado en:20170317  |k CIT